|
|
|
|
| LEADER |
01756nam a2200313 a 4500 |
| 008 |
100318s1999 caua b 001 0 eng d |
| 020 |
|
|
|a 1571690956
|
| 020 |
|
|
|a 8176351865
|
| 040 |
|
|
|a DLC
|c DLC
|d DLC
|d BD-DhAAL
|
| 082 |
0 |
0 |
|a 005.7/3
|2 21
|
| 100 |
1 |
|
|a Waite, Mitchell.
|
| 245 |
1 |
0 |
|a Data structures & algorithms in Java /
|c Mitchell Waite and Robert Lafore.
|
| 246 |
3 |
|
|a Data structures and algorithms in Java
|
| 260 |
|
|
|a Corte Madera, CA :
|b Waite Group Press ;
|a New Delhi :
|b Techmedia,
|c c1999.
|
| 300 |
|
|
|a xxi, 617 p. :
|b ill. (some col.) ;
|c 24 cm.
|e + 1 computer laser optical disc (4 3/4 in.).
|
| 490 |
0 |
|
|a Mitchell Waite signature series
|
| 504 |
|
|
|a Includes bibliographical references and index.
|
| 538 |
|
|
|s ystem requirements for accompanying computer disc: IBM PC compatible or SPARCstation; Windows 95, Windows NT 4.0, or Solaris 2.4.
|
| 541 |
1 |
|
|e 00017884
|
| 650 |
|
0 |
|a Data structures (Computer science)
|
| 650 |
|
0 |
|a Computer algorithms.
|
| 700 |
1 |
|
|a Lafore, Robert
|q (Robert W.)
|
| 852 |
4 |
|
|a Ayesha Abed Library
|j General Shelf
|
| 942 |
0 |
0 |
|0 1
|
| 999 |
|
|
|c 9523
|d 9523
|
| 952 |
|
|
|0 0
|1 0
|2 ddc
|4 0
|6 005_730000000000000_WAI_2006
|7 0
|9 11992
|a BRACUL
|b BRACUL
|c GEN
|d 2010-09-22
|l 26
|m 183
|o 005.73 WAI
|p 3010017884
|r 2025-10-29
|s 2025-09-03
|t 1
|w 2010-09-22
|y BK
|
| 952 |
|
|
|0 0
|1 0
|2 ddc
|4 0
|6 005_730000000000000_WAI_2006
|7 0
|9 11993
|a BRACUL
|b BRACUL
|c AV
|d 2010-09-22
|l 0
|o 005.73 WAI
|p 4010017884
|r 2010-09-22
|t 1
|w 2010-09-22
|y AV
|
| 952 |
|
|
|0 0
|1 0
|2 ddc
|4 0
|6 005_730000000000000_WAI_2006
|7 0
|9 11994
|a BRACUL
|b BRACUL
|c AV
|d 2010-09-22
|l 0
|o 005.73 WAI
|p 4010017883
|r 2010-09-22
|t 2
|w 2010-09-22
|y AV
|
| 952 |
|
|
|0 0
|1 0
|2 ddc
|4 0
|6 005_730000000000000_WAI_2006
|7 0
|9 13270
|a BRACUL
|b BRACUL
|c GEN
|d 2010-11-21
|l 27
|m 248
|o 005.73 WAI
|p 3010017883
|r 2025-11-15
|s 2025-11-02
|t 2
|w 2010-11-21
|y BK
|